[Event "Campionatul National de sah al Romaniei"]
[Site "Baile Felix"]
[Date "2017.02.03"]
[Round "2.3"]
[White "Herea, Sergiu-Gabriel"]
[Black "Patrascu, Catalin  Lucian"]
[Result "0-1"]
[WhiteElo "2102"]
[BlackElo "2241"]
[PlyCount "46"]
[EventDate "2017.02.02"]
[EventRounds "9"]

1. d4 Nf6 2. Nf3 e6 3. g3 d5 4. Bg2 Be7 5. O-O O-O 6. c3 c5 7. dxc5 Bxc5 8. b4
Be7 9. Qb3 a5 10. Na3 Na6 11. Nc2 Bd7 12. a4 Rc8 13. Ne5 Qc7 14. Nxd7 Nxd7 15.
Bd2 Bf6 16. b5 Nac5 17. Qa2 Nb6 18. Rac1 Ncxa4 19. Nd4 Nc5 20. Qxa5 Ra8 21. Qb4
Nc4 22. Rfd1 Ra2 23. Be1 Rb2 0-1

[Event "Campionatul National de sah al Romaniei"]
[Site "Baile Felix"]
[Date "2017.02.04"]
[Round "3.2"]
[White "Patrascu, Catalin  Lucian"]
[Black "Zubcu, Vlad-George"]
[Result "1/2-1/2"]
[WhiteElo "2241"]
[BlackElo "2153"]
[PlyCount "68"]
[EventDate "2017.02.02"]
[EventRounds "9"]

1. e4 e5 2. Nf3 Nc6 3. Bc4 Nf6 4. Ng5 d5 5. exd5 Na5 6. Bb5+ c6 7. dxc6 bxc6 8.
Be2 h6 9. Nf3 Bd6 10. d4 e4 11. Ne5 O-O 12. Nc3 Qc7 13. Bf4 Nd5 14. Nxd5 cxd5
15. Bg3 f5 16. f4 Rb8 17. Rb1 Rxb2 18. Rxb2 Qc3+ 19. Kf2 Qxb2 20. Qa1 Qa3 21.
Qc1 Qa4 22. Qd2 Be6 23. Rb1 Nc4 24. Bxc4 dxc4 25. Rb7 Qa6 26. Rb2 Bd5 27. c3
Kh7 28. Kg1 Qa4 29. Bf2 Rb8 30. Rxb8 Bxb8 31. h3 Qb5 32. Kh2 Qb1 33. Be3 Bd6
34. Qf2 Qd1 1/2-1/2

[Event "Campionatul National de sah al Romaniei"]
[Site "Baile Felix"]
[Date "2017.02.05"]
[Round "4.2"]
[White "Geiger, Alex-Emanuel"]
[Black "Patrascu, Catalin  Lucian"]
[Result "0-1"]
[WhiteElo "2155"]
[BlackElo "2241"]
[PlyCount "92"]
[EventDate "2017.02.02"]
[EventRounds "9"]

1. d4 e6 2. Bf4 Nf6 3. Nf3 d5 4. e3 c5 5. c3 Nc6 6. Nbd2 Bd6 7. Bg3 O-O 8. Bd3
b6 9. e4 Be7 10. Ne5 Bb7 11. Nxc6 Bxc6 12. e5 Ne4 13. f3 Nxd2 14. Qxd2 Qd7 15.
Qe2 a6 16. Bc2 Bb5 17. Qd2 cxd4 18. Qxd4 Rfc8 19. O-O-O Rc4 20. Qd2 Rac8 21.
Kb1 Ba4 22. Bb3 R4c7 23. Qc2 Bb5 24. Qd2 a5 25. Rc1 a4 26. Bd1 d4 27. Bf2 dxc3
28. Qxd7 Rxd7 29. Rxc3 Rxc3 30. bxc3 Rd2 31. Be3 Bd3+ 32. Ka1 Rxg2 33. Bxa4 b5
34. Bb3 h5 35. h4 Re2 36. Bf4 Ba3 37. Bc1 Bxc1 38. Rxc1 Rxe5 39. Rd1 Re3 40. f4
g6 41. Kb2 Rf3 42. Ka3 Kg7 43. Rd2 Kf8 44. Kb4 Rxf4+ 45. Kc5 Bf5 46. Kxb5 Rxh4
0-1

[Event "Campionatul National de sah al Romaniei"]
[Site "Baile Felix"]
[Date "2017.02.05"]
[Round "5.1"]
[White "Vasiesiu, Victor"]
[Black "Patrascu, Catalin  Lucian"]
[Result "0-1"]
[WhiteElo "2258"]
[BlackElo "2241"]
[PlyCount "66"]
[EventDate "2017.02.02"]
[EventRounds "9"]

1. e4 d5 2. exd5 Qxd5 3. Nc3 Qd6 4. d4 Nf6 5. Nf3 c6 6. Ne5 Nbd7 7. Nc4 Qc7 8.
Qf3 Nb6 9. Bf4 Qd7 10. Ne5 Qxd4 11. Rd1 Qc5 12. a3 Nbd7 13. Nc4 Nb6 14. Ne5
Nbd7 15. Qd3 Nd5 16. Nxd7 Bxd7 17. Ne4 Qa5+ 18. b4 Qd8 19. Qe2 e6 20. Bg5 f6
21. c4 fxg5 22. cxd5 cxd5 23. Rxd5 Be7 24. Nd6+ Bxd6 25. Rxd6 Qe7 26. Qd2 O-O-O
27. Bc4 Bb5 28. Rxd8+ Rxd8 29. Qe2 Qc7 30. Bxe6+ Kb8 31. Qxb5 Qc1+ 32. Ke2 Qd2+
33. Kf3 Qf4+ 0-1

[Event "Campionatul National de sah al Romaniei"]
[Site "Baile Felix"]
[Date "2017.02.06"]
[Round "6.1"]
[White "Patrascu, Catalin  Lucian"]
[Black "Dolana, Andrei Theodor"]
[Result "1-0"]
[WhiteElo "2241"]
[BlackElo "2312"]
[PlyCount "256"]
[EventDate "2017.02.02"]
[EventRounds "9"]

1. e4 e5 2. Nf3 Nc6 3. Bb5 a6 4. Ba4 Nf6 5. O-O b5 6. Bb3 Bb7 7. d3 Be7 8. Nc3
d6 9. a3 O-O 10. Re1 Qd7 11. Ne2 Rfe8 12. Ng3 h6 13. c3 Na5 14. Bc2 c5 15. d4
Bf8 16. d5 c4 17. a4 Bc8 18. Be3 Qc7 19. h3 Bd7 20. Nh2 Reb8 21. Qf3 Qd8 22.
Rf1 Nb3 23. Bxb3 cxb3 24. a5 Rc8 25. Ra3 b4 26. cxb4 Bb5 27. Re1 Rc4 28. Rxb3
Rac8 29. Bb6 Qd7 30. Ng4 Nxg4 31. Qxg4 Qxg4 32. hxg4 Ba4 33. Rc3 Rxc3 34. bxc3
Rxc3 35. Rb1 g6 36. Be3 Bd7 37. Bb6 Bxg4 38. b5 Bc8 39. Be3 f5 40. exf5 gxf5
41. bxa6 Bxa6 42. Nxf5 Bd3 43. Rb8 Bxf5 44. a6 Ra3 45. a7 Be4 46. Bxh6 Rxa7 47.
Bxf8 Kf7 48. Bxd6 Bxd5 49. Bxe5 Ke6 50. Bd4 Ra4 51. Rb6+ Kf5 52. Bb2 Re4 53.
Rf6+ Kg5 54. Rf8 Rb4 55. Bc1+ Kg6 56. Be3 Rc4 57. Kh2 Be6 58. f3 Rh4+ 59. Kg3
Rc4 60. Rd8 Rc2 61. Rd6 Kf5 62. Ra6 Rc3 63. Ra5+ Kg6 64. Kf4 Rd3 65. Ra6 Kf7
66. Bc5 Rd5 67. Ra7+ Kg6 68. Ra6 Kf7 69. Rc6 Rf5+ 70. Ke3 Bd5 71. Rc7+ Kg6 72.
Bd4 Rf7 73. Rc5 Rf5 74. Rc2 Rf7 75. Be5 Rf5 76. Bf4 Rf8 77. Rb2 Re8+ 78. Kf2
Rf8 79. Rb4 Ra8 80. Rd4 Bb7 81. g4 Rf8 82. Kg3 Rf6 83. Rb4 Bd5 84. Rb5 Bc6 85.
Rb3 Re6 86. Be3 Bd7 87. Rc3 Rd6 88. Rc5 Rd3 89. Kf4 Rd6 90. Rg5+ Kf7 91. Rh5
Kg6 92. Kg3 Re6 93. Bd4 Rd6 94. Bc5 Rd3 95. Re5 Kf6 96. Re1 Be6 97. Be3 Rb3 98.
Bd4+ Kf7 99. Kf4 Rb4 100. Rd1 Bd5 101. Rd3 Bc4 102. Rd2 Bd5 103. Kg3 Rb3 104.
Be3 Be6 105. Re2 Rb4 106. Rc2 Rb3 107. Rc7+ Kg6 108. Kf4 Bd5 109. Rd7 Rd3 110.
Rd6+ Kf7 111. g5 Rd1 112. Ke5 Bb3 113. Bd4 Re1+ 114. Kf4 Bc2 115. g6+ Ke7 116.
Bc5 Ke8 117. Rf6 Bb3 118. g7 Kd7 119. Rf8 Re8 120. Kg4 Be6+ 121. Kg5 Rc8 122.
Rxc8 Kxc8 123. Kg6 Bg8 124. Kf6 Kd7 125. f4 Ke8 126. f5 Bh7 127. Bb4 Kd7 128.
Kg5 Kc6 1-0

[Event "Campionatul National de sah al Romaniei"]
[Site "Baile Felix"]
[Date "2017.02.08"]
[Round "8.1"]
[White "Sandu, Marian-Catalin"]
[Black "Patrascu, Catalin  Lucian"]
[Result "1/2-1/2"]
[WhiteElo "2032"]
[BlackElo "2241"]
[PlyCount "99"]
[EventDate "2017.02.02"]
[EventRounds "9"]

1. e4 c5 2. Nc3 g6 3. g3 Nc6 4. Bg2 Bg7 5. d3 d6 6. f4 Nf6 7. Nf3 Bg4 8. Be3
O-O 9. Qd2 Nd7 10. O-O Bxf3 11. Bxf3 Nd4 12. Bg2 e6 13. Rae1 f5 14. Nd1 Nc6 15.
Bf2 Qf6 16. c3 Rae8 17. Ne3 Nb6 18. Nc4 Qd8 19. exf5 gxf5 20. Nxb6 axb6 21. d4
cxd4 22. cxd4 d5 23. Re2 Qf6 24. Rfe1 Kf7 25. Bf3 Nxd4 26. Bxd4 Qxd4+ 27. Qxd4
Bxd4+ 28. Kg2 Re7 29. Bxd5 Rfe8 30. Bc4 Kf6 31. Rd1 e5 32. fxe5+ Rxe5 33. Rxe5
Bxe5 34. b3 Ke7 35. Rd5 Kf6 36. Kf3 Bc7 37. Rd7 Re7 38. Rxe7 Kxe7 39. Bd5 Bd6
40. Bxb7 Kf6 41. h3 Ke5 42. Bc6 h6 43. Ke3 Kf6 44. g4 fxg4 45. hxg4 Kg5 46. Bf3
h5 47. gxh5 b5 48. a4 bxa4 49. bxa4 Bb4 50. Bg4 1/2-1/2

[Event "Campionatul National de sah al Romaniei"]
[Site "Baile Felix"]
[Date "2017.02.09"]
[Round "9.1"]
[White "Patrascu, Catalin  Lucian"]
[Black "Banzea, Alexandru Bogdan"]
[Result "1/2-1/2"]
[WhiteElo "2241"]
[BlackElo "2245"]
[PlyCount "38"]
[EventDate "2017.02.02"]
[EventRounds "9"]

1. d4 Nf6 2. c4 g6 3. Nc3 d5 4. cxd5 Nxd5 5. e4 Nxc3 6. bxc3 Bg7 7. Nf3 c5 8.
Rb1 cxd4 9. cxd4 Qa5+ 10. Bd2 Qxa2 11. Be2 O-O 12. O-O Nc6 13. Qc1 Nxd4 14.
Nxd4 Bxd4 15. Bc4 Qa4 16. Bb5 Qa2 17. Bc4 Qa4 18. Bb5 Qa2 19. Bc4 Qa4 1/2-1/2

[Event "10th Arad Open 2017"]
[Site "Arad ROU"]
[Date "2017.08.08"]
[Round "4.37"]
[White "Creanga, Robert-Ionut"]
[Black "Patrascu, Catalin  Lucian"]
[Result "0-1"]
[WhiteElo "2030"]
[BlackElo "2231"]
[PlyCount "136"]
[EventDate "2017.??.??"]

1. d4 Nf6 2. c4 e6 3. Nc3 Bb4 4. Qc2 O-O 5. a3 Bxc3+ 6. Qxc3 d5 7. Bg5 dxc4 8.
Qxc4 b6 9. Nf3 Ba6 10. Qa4 c6 11. Rc1 Bb5 12. Qc2 Nbd7 13. a4 Ba6 14. Ne5 Rc8
15. Nxc6 Qe8 16. b4 Nb8 17. b5 Bb7 18. f3 Nxc6 19. bxc6 Rxc6 20. Qb3 Rxc1+ 21.
Bxc1 Qd7 22. Ba3 Rc8 23. e3 Bd5 24. Qb4 a5 25. Qxb6 Qxa4 26. Bc5 Qc2 27. Rg1
Nd7 28. Qxa5 Ra8 29. Ba7 Qb1+ 30. Kf2 Qb7 31. e4 Bc6 32. Bd3 Rxa7 33. Qd8+ Nf8
34. Rb1 Qd7 35. Qxd7 Rxd7 36. Ke3 f6 37. Rb6 Rc7 38. h4 Kf7 39. g4 Bd7 40. h5
h6 41. e5 Bc6 42. f4 Bd5 43. Rb1 Nd7 44. Rg1 Nb6 45. exf6 gxf6 46. g5 f5 47.
gxh6 Rc8 48. Rg7+ Kf6 49. Rg6+ Kf7 50. Rg7+ Kf6 51. Rg6+ Ke7 52. Rg7+ Kd6 53.
Bb5 Rh8 54. Rg6 Be4 55. Kf2 Nd5 56. Rg7 Nf6 57. Rg6 Ng4+ 58. Kg3 Rxh6 59. Rxh6
Nxh6 60. Kh4 Nf7 61. Be8 Ke7 62. Ba4 Kf6 63. Bb3 Bd5 64. Ba4 Kg7 65. Bd7 Kh6
66. Be8 Nd6 67. Bd7 Nf7 68. Be8 Nd8 0-1

[Event "10th Arad Open 2017"]
[Site "Arad ROU"]
[Date "2017.08.09"]
[Round "5.14"]
[White "Patrascu, Catalin  Lucian"]
[Black "Abramovic, Bosko"]
[Result "1/2-1/2"]
[WhiteElo "2231"]
[BlackElo "2415"]
[PlyCount "106"]
[EventDate "2017.??.??"]

1. e4 e5 2. Nf3 Nc6 3. Bb5 a6 4. Ba4 g6 5. O-O Bg7 6. c3 Nge7 7. d4 b5 8. Bb3
exd4 9. cxd4 d6 10. h3 O-O 11. Nc3 Na5 12. Bc2 c5 13. Bg5 h6 14. Bh4 g5 15. Bg3
Nc4 16. Rb1 Bb7 17. Qd3 Ng6 18. Nd5 Bxd5 19. exd5 Re8 20. dxc5 dxc5 21. d6 Nf8
22. Rfe1 Qf6 23. Qd5 Rxe1+ 24. Rxe1 Rd8 25. Qxc5 Ne6 26. Qc6 Qxb2 27. Bf5 Bf8
28. Rxe6 fxe6 29. Bxe6+ Kh8 30. d7 Qf6 31. Qc8 Bd6 32. Bxd6 Nxd6 33. Qc7 Nb7
34. Bg4 Nd6 35. Ne5 Kg7 36. Nc6 Nf7 37. Nxd8 Nxd8 38. g3 Kf8 39. Qc5+ Kg7 40.
Kg2 Qc6+ 41. Qxc6 Nxc6 42. Bf3 Nd8 43. h4 gxh4 44. gxh4 Kf6 45. Kg3 Ke7 46. Kg4
Kxd7 47. Kh5 Nf7 48. Bd5 Ke7 49. Kg6 Ne5+ 50. Kxh6 Kf6 51. Kh5 Kf5 52. Kh6 Kf6
53. Kh5 Kf5 1/2-1/2

[Event "10th Arad Open 2017"]
[Site "Arad ROU"]
[Date "2017.08.10"]
[Round "6.23"]
[White "Ardeleanu, Alin"]
[Black "Patrascu, Catalin  Lucian"]
[Result "1/2-1/2"]
[WhiteElo "2339"]
[BlackElo "2231"]
[PlyCount "50"]
[EventDate "2017.??.??"]

1. e4 c5 2. b3 g6 3. Bb2 Nf6 4. e5 Nd5 5. Nc3 Nxc3 6. Bxc3 Bg7 7. Nf3 O-O 8.
Bd3 Nc6 9. O-O d5 10. exd6 exd6 11. Bxg7 Kxg7 12. Bb5 Qf6 13. Bxc6 bxc6 14. h3
Re8 15. a4 Rb8 16. Ra2 d5 17. d3 Ba6 18. Nd2 Re5 19. Re1 Rbe8 20. Rxe5 Qxe5 21.
Qa1 d4 22. Qd1 Qe1+ 23. Qxe1 Rxe1+ 24. Nf1 Re2 25. Ng3 Re1+ 1/2-1/2

[Event "10th Arad Open 2017"]
[Site "Arad ROU"]
[Date "2017.08.11"]
[Round "7.16"]
[White "Patrascu, Catalin  Lucian"]
[Black "Georgescu, Tiberiu-Marian"]
[Result "1/2-1/2"]
[WhiteElo "2231"]
[BlackElo "2470"]
[PlyCount "51"]
[EventDate "2017.??.??"]

1. e4 g6 2. d4 Bg7 3. Nf3 d6 4. Bc4 c6 5. h3 d5 6. Bb3 Nf6 7. e5 Ne4 8. O-O O-O
9. Re1 e6 10. Nbd2 f5 11. exf6 Nxf6 12. c3 c5 13. c4 Kh8 14. Nf1 cxd4 15. cxd5
exd5 16. Nxd4 Nc6 17. Be3 Ne4 18. Nh2 Ne5 19. Nhf3 Nxf3+ 20. Nxf3 Be6 21. Bd4
Qe7 22. Bxg7+ Qxg7 23. Qd4 Qxd4 24. Nxd4 Bg8 25. f3 Nc5 26. Rad1 1/2-1/2

[Event "10th Arad Open 2017"]
[Site "Arad ROU"]
[Date "2017.08.12"]
[Round "8.21"]
[White "Sanduleac, Vasile"]
[Black "Patrascu, Catalin  Lucian"]
[Result "1-0"]
[WhiteElo "2403"]
[BlackElo "2231"]
[PlyCount "59"]
[EventDate "2017.??.??"]

1. e4 c5 2. Nf3 e6 3. c3 Nf6 4. Bd3 d5 5. e5 Nfd7 6. Bc2 Nc6 7. d4 Be7 8. O-O
b6 9. a3 g5 10. Be3 Nf8 11. b4 Ng6 12. Nbd2 Bd7 13. Kh1 Rc8 14. Nb3 g4 15. Ne1
cxd4 16. cxd4 h5 17. f3 Bg5 18. f4 Bh6 19. f5 exf5 20. Bxh6 Rxh6 21. Bxf5 Bxf5
22. Rxf5 Qh4 23. Qd2 Nce7 24. Rf1 Rh8 25. g3 Qh3 26. Nd3 h4 27. Nf2 Qxh2+ 28.
Kxh2 hxg3+ 29. Kg1 Nh4 30. Nxg4 1-0

[Event "27th Seacoast Trophy"]
[Site "?"]
[Date "2017.06.27"]
[Round "?"]
[White "Neagu, Liviu"]
[Black "Patrascu, Catalin  Lucian"]
[Result "1-0"]
[WhiteElo "2004"]
[BlackElo "2253"]
[PlyCount "113"]
[EventDate "2017.??.??"]

1. e4 e5 2. Nf3 Nc6 3. Bb5 a6 4. Ba4 Nf6 5. O-O Be7 6. Re1 b5 7. Bb3 d6 8. c3
O-O 9. h3 Bb7 10. d4 Re8 11. Ng5 Rf8 12. Nf3 Nd7 13. Nbd2 Re8 14. Nf1 exd4 15.
cxd4 Na5 16. Bc2 Bf6 17. a4 c5 18. Ng3 g6 19. Bf4 cxd4 20. Nxd4 Qb6 21. Nf3
Rac8 22. Re2 Nc4 23. Rb1 Nde5 24. Bxe5 dxe5 25. axb5 axb5 26. Bb3 Red8 27. Qe1
Rd7 28. Rd1 Rxd1 29. Qxd1 Rd8 30. Qc1 Qa5 31. Rc2 Ba6 32. Nf1 Qb4 33. Bxc4 bxc4
34. Ne3 Qb7 35. Nxc4 Qxe4 36. Ne3 Bb7 37. Rc4 Qd3 38. Rc3 Qe2 39. Rc2 Qa6 40.
Nd2 Bg5 41. Ndc4 Qe6 42. Rd2 Rc8 43. b3 h5 44. Qd1 Bxe3 45. Nxe3 Rc3 46. Rd3
Qc6 47. Rxc3 Qxc3 48. Qc2 Qe1+ 49. Kh2 Kg7 50. Nc4 Qf1 51. f3 e4 52. Qc3+ Kg8
53. fxe4 Bxe4 54. Qd2 h4 55. Qd8+ Kh7 56. Qxh4+ Kg7 57. Qxe4 1-0

[Event "Campionatul National pe Echipe - SUPERL"]
[Site "?"]
[Date "2017.11.14"]
[Round "?"]
[White "Svetushkin, Dmitry"]
[Black "Patrascu, Catalin  Lucian"]
[Result "1-0"]
[WhiteElo "2566"]
[BlackElo "2280"]
[PlyCount "81"]
[EventDate "2017.??.??"]

1. e4 c5 2. Nf3 Nc6 3. d4 cxd4 4. Nxd4 e6 5. Nc3 Qc7 6. Be3 a6 7. Qf3 d6 8. Qg3
Bd7 9. Be2 Nf6 10. O-O h5 11. f4 h4 12. Qf2 Be7 13. a4 Rc8 14. Nb3 Nb4 15. Bf3
e5 16. a5 O-O 17. h3 Be6 18. Rfd1 Qb8 19. Ra4 Rc4 20. fxe5 dxe5 21. Bc5 Qc7 22.
Bxe7 Qxe7 23. Na1 Rd8 24. Rxd8+ Qxd8 25. Nb3 Qd6 26. Ra1 Nc6 27. Qxh4 Nd4 28.
Qf2 Nxb3 29. cxb3 Rd4 30. Rc1 Rd2 31. Qg3 Qd4+ 32. Kh2 Qe3 33. Nd5 Rxd5 34.
exd5 Qxc1 35. dxe6 e4 36. Qb8+ Kh7 37. exf7 exf3 38. f8=Q fxg2 39. Qh8+ Kg6 40.
Qg3+ Kf5 41. Kxg2 1-0

[Event "Romanian Championship Superliga"]
[Site "?"]
[Date "2017.11.16"]
[Round "?"]
[White "Soltanici, Ruslan"]
[Black "Patrascu, Catalin  Lucian"]
[Result "1-0"]
[WhiteElo "2392"]
[BlackElo "2280"]
[PlyCount "59"]
[EventDate "2017.??.??"]

1. Nf3 e6 2. c4 f5 3. g3 Nf6 4. Bg2 Be7 5. O-O O-O 6. d4 d6 7. Nc3 Ne4 8. Qc2
Nxc3 9. bxc3 Nc6 10. e4 e5 11. d5 Nb8 12. c5 Nd7 13. cxd6 cxd6 14. exf5 Nc5 15.
g4 g6 16. Bh6 Rf6 17. Be3 gxf5 18. g5 Rf8 19. Bxc5 e4 20. Bd4 exf3 21. Bxf3
Bxg5 22. Kh1 Bf6 23. Rg1+ Kh8 24. Qd2 Bd7 25. Rg6 Qe7 26. Rxf6 Rxf6 27. Re1 Qg7
28. Rg1 Qe7 29. Qh6 Raf8 30. Rg6 1-0

[Event "Romanian Championship Superliga"]
[Site "?"]
[Date "2017.11.18"]
[Round "?"]
[White "Baklan, Vladimir"]
[Black "Patrascu, Catalin  Lucian"]
[Result "1-0"]
[WhiteElo "2604"]
[BlackElo "2280"]
[PlyCount "37"]
[EventDate "2017.??.??"]

1. e4 c5 2. Nf3 Nc6 3. d4 cxd4 4. Nxd4 g6 5. Nc3 Bg7 6. Be3 Nf6 7. Nxc6 bxc6 8.
e5 Ng8 9. f4 f6 10. Bd4 Qa5 11. Qe2 fxe5 12. Bxe5 Nf6 13. Qc4 Qb6 14. O-O-O d6
15. Bd4 c5 16. Nd5 Qd8 17. Nxf6+ Bxf6 18. Bxf6 exf6 19. Qe4+ 1-0

[Event "Campionatul national pe echipe - SUPERL"]
[Site "?"]
[Date "2016.11.19"]
[Round "1.6"]
[White "Patrascu, Catalin  Lucian"]
[Black "Acsinte, Matei-Ionut"]
[Result "1-0"]
[WhiteElo "2239"]
[BlackElo "2326"]
[PlyCount "69"]
[EventDate "2016.11.19"]
[EventType "team"]
[EventRounds "9"]
[WhiteTeam "Vados - Magazinul de Sah"]
[BlackTeam "Pro Logos - Sah-Club Oltenia"]

1. Nf3 c5 2. c4 Nc6 3. Nc3 g6 4. e3 d6 5. Be2 Bg7 6. O-O Nh6 7. b3 e5 8. Bb2
O-O 9. d3 f5 10. Nd5 Ne7 11. Ne1 g5 12. Bf3 Ng6 13. g3 f4 14. exf4 gxf4 15. Ng2
Nf7 16. Bg4 Ng5 17. Bxc8 Qxc8 18. h4 Nh3+ 19. Kh2 fxg3+ 20. fxg3 Nf2 21. Rxf2
Rxf2 22. Bc1 e4 23. Be3 Rf7 24. d4 cxd4 25. Bxd4 Ne5 26. Bxe5 Bxe5 27. Rc1 Qf8
28. Ngf4 Kh8 29. Qe2 Rg7 30. Rg1 Qf7 31. a3 Rag8 32. a4 a6 33. Rg2 Re8 34. Rg1
Rd8 35. Rg2 {Partida ilizibila. Albul a castigat la mutarea 67.} 1-0

[Event "Campionatul national pe echipe - SUPERL"]
[Site "?"]
[Date "2016.11.23"]
[Round "5.6"]
[White "Patrascu, Catalin  Lucian"]
[Black "Gavrilescu, David"]
[Result "1/2-1/2"]
[WhiteElo "2239"]
[BlackElo "2258"]
[PlyCount "102"]
[EventDate "2016.11.19"]
[EventType "team"]
[EventRounds "9"]
[WhiteTeam "Vados - Magazinul de Sah"]
[BlackTeam "C.S. Stud. Medicina Timisoara"]

1. Nf3 d5 2. g3 Nc6 3. d4 Bf5 4. Bg2 Nb4 5. Na3 e6 6. O-O h6 7. c3 Nc6 8. Nc2
Nf6 9. b3 Be4 10. Bb2 Bd6 11. c4 O-O 12. Rc1 a5 13. Ne3 a4 14. bxa4 Ra6 15. Ne5
Bxg2 16. Kxg2 Ne7 17. Nd3 c6 18. Qb3 Qa8 19. Ba3 Bxa3 20. Qxa3 Nc8 21. Nc5 Ra7
22. cxd5 exd5 23. Nf5 b6 24. Nd3 Rxa4 25. Qc3 c5 26. Ne5 Re8 27. Qf3 Re6 28. h4
Ne7 29. Rfd1 Rxa2 30. g4 Nxf5 31. Qxf5 Rxe2 32. g5 R6xe5 33. dxe5 Ne4 34. Rf1
hxg5 35. e6 Nd6 36. exf7+ Nxf7 37. Ra1 Qe8 38. Qxd5 Qe4+ 39. Qxe4 Rxe4 40. Ra8+
Kh7 41. hxg5 Nxg5 42. Rh1+ Kg6 43. Rb1 Ne6 44. Rxb6 Kf5 45. Ra7 g5 46. Rf7+ Ke5
47. Kg3 c4 48. Re7 Kf5 49. Rc6 Rg4+ 50. Kh2 Rh4+ 51. Kg3 Rg4+ 1/2-1/2

[Event "TCh-ROU Superliga 2016"]
[Site "Calimanesti-Caciulata ROU"]
[Date "2016.11.20"]
[Round "2.4"]
[White "Moldovan , Daniel"]
[Black "Patrascu, Catalin  Lucian"]
[Result "1-0"]
[WhiteElo "2434"]
[BlackElo "2239"]
[PlyCount "37"]
[EventDate "2016.11.19"]
[WhiteTeam "C.S. Universitar Ploiesti"]
[BlackTeam "Vados - Magazinul de Sah"]

1. e4 c5 2. Nf3 e6 3. d4 cxd4 4. Nxd4 a6 5. Nc3 Qc7 6. Bd3 Nc6 7. Nxc6 dxc6 8.
O-O e5 9. f4 Nf6 10. Kh1 Bc5 11. f5 h5 12. Qf3 Ng4 13. Nd1 b5 14. a4 Bb7 15.
Ne3 Nf6 16. axb5 axb5 17. Rxa8+ Bxa8 18. Bd2 Ke7 19. Nd1 1-0

[Event "TCh-ROU Superliga 2016"]
[Site "Calimanesti-Caciulata ROU"]
[Date "2016.11.24"]
[Round "6.2"]
[White "Ileana, George"]
[Black "Patrascu, Catalin  Lucian"]
[Result "1/2-1/2"]
[WhiteElo "2224"]
[BlackElo "2239"]
[PlyCount "36"]
[EventDate "2016.11.19"]
[WhiteTeam "C.S. Victoria Techirghiol"]
[BlackTeam "Vados - Magazinul de Sah"]

1. e4 e5 2. Nf3 Nc6 3. Bb5 a6 4. Ba4 Nf6 5. d3 d6 6. c3 g6 7. O-O Bg7 8. Re1
O-O 9. h3 Nd7 10. Nbd2 Nc5 11. Bc2 Ne6 12. Nb3 f5 13. exf5 gxf5 14. d4 e4 15.
d5 exf3 16. dxe6 Ne5 17. Nd4 fxg2 18. f4 Qh4 1/2-1/2

[Event "World Youth Open U18 2016"]
[Site "Khanty-Mansiysk RUS"]
[Date "2016.10.01"]
[Round "9.26"]
[White "Patrascu, Catalin  Lucian"]
[Black "Holtman, Teodor"]
[Result "1-0"]
[WhiteElo "2263"]
[BlackElo "2201"]
[PlyCount "65"]
[EventDate "2016.09.22"]

1. e4 c6 2. d4 Na6 3. Nd2 Nc7 4. Bd3 d5 5. e5 g6 6. Ne2 Nh6 7. Ng3 Bg7 8. O-O
O-O 9. f4 Bg4 10. Qe1 e6 11. h3 Bf5 12. Nxf5 exf5 13. Nf3 b6 14. Be3 f6 15. Bf2
fxe5 16. dxe5 Ne6 17. Qd2 Qd7 18. b4 Nf7 19. a4 Bh6 20. g3 Rfd8 21. Rad1 c5 22.
bxc5 bxc5 23. Qa5 Qc6 24. Bb5 Qb6 25. Qxb6 axb6 26. Bc6 Nc7 27. Bxa8 Rxa8 28.
Rb1 Ra6 29. a5 Rxa5 30. Rxb6 Nd8 31. Rb8 Nce6 32. Rd1 Bf8 33. Rxd5 1-0

[Event "9th Arad Open 2016"]
[Site "Arad ROU"]
[Date "2016.08.08"]
[Round "4.30"]
[White "Patrascu, Catalin  Lucian"]
[Black "Stejeroiu, Vlad"]
[Result "1-0"]
[WhiteElo "2286"]
[BlackElo "1922"]
[PlyCount "61"]
[EventDate "2016.08.06"]

1. e4 c5 2. Nf3 e6 3. d4 cxd4 4. Nxd4 a6 5. Bd3 Qc7 6. O-O Nf6 7. Qe2 d6 8. c4
Be7 9. b3 O-O 10. Bb2 b6 11. Nc3 Nbd7 12. Rad1 Bb7 13. Bb1 Rad8 14. f4 g6 15.
Kh1 e5 16. fxe5 Nxe5 17. Nc2 Rc8 18. Ne3 Rfe8 19. Rf2 Qd8 20. Rdf1 Rf8 21. a4
h5 22. Ncd5 Bxd5 23. exd5 Nfg4 24. Nxg4 Nxg4 25. Rxf7 Rxf7 26. Qe6 Bf6 27. Bxg6
Rcc7 28. Bxh5 Qd7 29. Bxf7+ Qxf7 30. Qxg4+ Qg7 31. Qe6+ 1-0

[Event "9th Arad Open 2016"]
[Site "Arad ROU"]
[Date "2016.08.09"]
[Round "5.22"]
[White "Takacs, Lajos"]
[Black "Patrascu, Catalin  Lucian"]
[Result "0-1"]
[WhiteElo "2083"]
[BlackElo "2286"]
[PlyCount "84"]
[EventDate "2016.08.06"]

1. e4 e6 2. d3 d5 3. Nd2 Nf6 4. Ngf3 c5 5. g3 Nc6 6. Bg2 b6 7. O-O Bb7 8. e5
Nd7 9. Qe2 Qc7 10. Re1 Be7 11. h4 h6 12. h5 O-O-O 13. Nf1 g5 14. N1h2 f5 15.
exf6 Nxf6 16. Bh3 Kb8 17. Bxe6 Nxh5 18. Ne5 Nxe5 19. Qxh5 Bd6 20. Bh3 Nc6 21.
Bd2 Rdf8 22. Bg2 Ne5 23. Re2 Bc6 24. Re3 Rh7 25. Rae1 Rhf7 26. Rf1 Rf6 27. Qe2
d4 28. Re4 Rf5 29. Ng4 Nf3+ 30. Bxf3 Rxf3 31. Re6 Bxg3 32. Rxc6 Qxc6 33. Ne5
Bxe5 34. Qxe5+ Qc7 35. Qe4 R3f5 36. c3 Qe5 37. Qc6 R5f6 38. Qd7 Qe6 39. Qxe6
Rxe6 40. cxd4 cxd4 41. f4 gxf4 42. Bxf4+ Kb7 0-1

[Event "9th Arad Open 2016"]
[Site "Arad ROU"]
[Date "2016.08.11"]
[Round "8.9"]
[White "Patrascu, Catalin  Lucian"]
[Black "Miron, Lucian Costin"]
[Result "0-1"]
[WhiteElo "2286"]
[BlackElo "2495"]
[PlyCount "102"]
[EventDate "2016.08.06"]

1. e4 e5 2. Nf3 Nc6 3. Bb5 a6 4. Ba4 Nf6 5. O-O Be7 6. Re1 b5 7. Bb3 d6 8. c3
O-O 9. h3 Nb8 10. d4 Nbd7 11. Nbd2 Bb7 12. Bc2 Re8 13. Nf1 Bf8 14. Ng3 g6 15.
b3 Bg7 16. d5 Rc8 17. Be3 c6 18. c4 Nb6 19. Qe2 cxd5 20. cxd5 Nbxd5 21. exd5
Nxd5 22. Qd2 Nxe3 23. fxe3 d5 24. Qf2 Rc3 25. Rad1 Qb6 26. b4 Bh6 27. Nf1 e4
28. Nd4 Qd6 29. Nh2 f5 30. Bb3 Rf8 31. Kh1 Rf7 32. Nc2 Bg7 33. Re2 Be5 34. Nf1
f4 35. exf4 Rxf4 36. Qa7 Rd3 37. Rde1 Qf8 38. Nfe3 Rf7 39. Qc5 Bd6 40. Qb6 Kh8
41. Kg1 Bc7 42. Qe6 Bc8 43. Qc6 Bb7 44. Qe6 Qe7 45. Qxe7 Rxe7 46. Ng4 Bb6+ 47.
Kh1 Kg7 48. Nf2 Rg3 49. Rd1 d4 50. Nxd4 e3 51. Nf3 Rxf3 0-1

[Event "9th Arad Open 2016"]
[Site "Arad ROU"]
[Date "2016.08.12"]
[Round "9.26"]
[White "Stancu, Robert Alexandru"]
[Black "Patrascu, Catalin  Lucian"]
[Result "0-1"]
[WhiteElo "2074"]
[BlackElo "2286"]
[PlyCount "84"]
[EventDate "2016.08.06"]

1. e4 c6 2. d4 d5 3. Nc3 dxe4 4. Nxe4 Nd7 5. Nf3 Ngf6 6. Nxf6+ Nxf6 7. Bd3 Bg4
8. c3 e6 9. Bf4 Be7 10. Qb3 Bxf3 11. gxf3 Qb6 12. O-O-O O-O-O 13. Rhg1 g6 14.
Be5 Rd7 15. Qxb6 axb6 16. Bxf6 Bxf6 17. a4 Kc7 18. Kc2 Rd5 19. Rg4 Kd8 20. b4
Rh5 21. Rg2 Be7 22. Rh1 Bd6 23. h3 Kc8 24. Rgg1 Rd8 25. Re1 Bc7 26. Be4 Bf4 27.
Rd1 Kc7 28. Kb3 e5 29. Bc2 exd4 30. Rxd4 Rxd4 31. cxd4 Rh4 32. Kc3 f5 33. Bb3
Bg5 34. b5 Bf6 35. bxc6 bxc6 36. Kd3 Bxd4 37. Ke2 Bc5 38. Kf1 Rb4 39. Bg8 h6
40. Bh7 Rxa4 41. Kg2 g5 42. Bxf5 Ra2 0-1